000 00822cab a2200241 4500
001 WB3102-28
008 090401t1995 xxu||||| |||| 00| 0 eng d
035 _a(Sirsi) u66012
041 _aeng
245 _aISVA plans PII retirement cover
260 _c1995
350 _a0
490 _aProperty Week
_v50(2) 12 January 1995, 8(1)
520 _aThe ISVA has proposed a scheme whereby practicing surveyors pay into a retirement bond to cover them against professional indemnity claims arising during their retirement.
650 _aPROFESSIONAL INDEMNITY COVER
650 _aPROFESSIONAL INDEMNITY INSURANCE
650 _aRETIREMENT BONDS
650 _aRUN-OFF INSURANCE
690 _aINSURANCE
_96249
690 _aMANAGEMENT-BUSINESS MANAGEMENT-PROFESSIONAL PRACTICE
942 _n0
948 _c04/03/1997
999 _c41248
_d41248